Central Library OPAC University of Rajshahi

The political history of China, 1840-1928. (Record no. 25481)

MARC details
000 -LEADER
fixed length control field 01038cam a22003011 4500
001 - CONTROL NUMBER
control field 25481
003 - CONTROL NUMBER IDENTIFIER
rucl marc code BD-RjUL
005 - DATE AND TIME OF LATEST TRANSACTION
control field 20211209050903.0
008 - FIXED-LENGTH DATA ELEMENTS--GENERAL INFORMATION
fixed length control field 140318s1956 njua 001 0 eng
035 ## - SYSTEM CONTROL NUMBER
System control number (BD-RjUL)25551
040 ## - CATALOGING SOURCE
Original cataloging agency DLC
Transcribing agency DLC
Modifying agency DLC
Language of cataloging eng
041 1# - LANGUAGE CODE
Language code of text/sound track or separate title engchi
082 00 - DEWEY DECIMAL CLASSIFICATION NUMBER
Classification number 951.03
Author mark and year CHP 1963
100 1# - MAIN ENTRY--PERSONAL NAME
Personal name Chien- nung, Li
9 (RLIN) 78234
245 04 - TITLE STATEMENT
Title The political history of China, 1840-1928.
Statement of responsibility, etc. Translated and edited by Ssu-yu Teng and Jeremy Ingalls.
260 ## - PUBLICATION, DISTRIBUTION, ETC. (IMPRINT)
Place of publication, distribution, etc. Princeton, N.J.,
Name of publisher, distributor, etc. D. Van Nostrand Co.
Date of publication, distribution, etc. 1956.
300 ## - PHYSICAL DESCRIPTION
Pagination 545 p. :
Illustrations illus. ;
Size 24 cm.
504 ## - BIBLIOGRAPHY, ETC. NOTE
Bibliography, etc Includes index.
651 #0 - SUBJECT ADDED ENTRY--GEOGRAPHIC NAME
Geographic name China
General subdivision Politics and government
Chronological subdivision 19th century.
9 (RLIN) 78235
Geographic name China
General subdivision Politics and government
Chronological subdivision 1900-1949.
9 (RLIN) 78372
Geographic name China
General subdivision Foreign relations.
9 (RLIN) 78373
700 1# - ADDED ENTRY--PERSONAL NAME
Personal name Teng, Ssu-yü,
Dates associated with a name 1906-
Relator term ed. and tr.
Personal name Ingalls, Jeremy,
Dates associated with a name 1911-2000
Relator term ed. and tr.
942 ## - ADDED ENTRY ELEMENTS (KOHA)
Source of classification or shelving scheme Dewey Decimal Classification
Koha item type Books
Holdings
Lost status Source of classification or shelving scheme Damaged status Not for loan Collection code Permanent Location Current Location Shelving location Date acquired Source of acquisition Cost, normal purchase price Total Checkouts Full call number Date last seen Copy number Koha item type
  Dewey Decimal Classification     Non-fiction Central Library, University of Rajshahi Central Library, University of Rajshahi   15/05/1967 University press agency 12.50   951.03 CHP 1963 18/03/2014 C-4 Books
  Dewey Decimal Classification     Non-fiction Central Library, University of Rajshahi Central Library, University of Rajshahi   09/05/1967 American Cultural Centre, Dhaka 12.50   951.03 CHP 1963 18/03/2014 C-5 Books